| 000 | 01281cam a2200313 a 4500 | ||
|---|---|---|---|
| 999 |
_c41348 _d41348 |
||
| 001 | 14727921 | ||
| 003 | OSt | ||
| 005 | 20210720123058.0 | ||
| 008 | 070208s2008 nyu b 001 0 eng | ||
| 010 | _a 2007005476 | ||
| 020 | _a9780815341116 (hardcover) | ||
| 040 |
_aDLC _cDLC _dDLC |
||
| 050 | 0 | 0 |
_aQH581.2 _b.M64 2008b |
| 082 | 0 | 0 |
_a571.6 _222 _bALB/M |
| 245 | 0 | 0 |
_aMolecular biology of the cell / _cBruce Alberts ... [et al.] ; with problems by John Wilson, Tim Hunt. |
| 250 | _a5th ed., Reference ed. | ||
| 260 |
_aNew York : _bGarland Science, _cc2008. |
||
| 300 |
_axxxiii, 1601, [90] p. : _bill. (mostly col.) ; _c28 cm. + |
||
| 504 | _aIncludes bibliographical references and index. | ||
| 650 | 0 | _aCytology. | |
| 650 | 0 | _aMolecular biology. | |
| 700 | 1 |
_aAlberts, Bruce _98652 |
|
| 700 | 1 |
_aWilson, John H., _d1944- _98653 |
|
| 700 | 1 |
_aHunt, Tim, _d1943- _98654 |
|
| 856 | 4 | 1 |
_3Table of contents only _uhttp://www.loc.gov/catdir/toc/ecip0710/2007005476.html |
| 906 |
_a7 _bcbc _corignew _d1 _eecip _f20 _gy-gencatlg |
||
| 942 |
_2ddc _cBK _h571.6 _iALB/M _k571.6 _mALB/M |
||